MESTSKÁ KNIŽNICA GIRALTOVCE  - online katalóg 

Kurima a jej školy (Record no. 19877)

000 -NÁVESTIE
fixed length control field 00750nam a2200253 a 4500
008 - ÚDAJE S PEVNOU DĹŽKOU – VŠEOBECNÉ INFORMÁCIE
fixed length control field 020123s2000 m yxo aa r y 0 slo c
020 ## - MEDZINÁRODNÉ ŠTANDARDNÉ ČÍSLO KNIHY (ISBN)
Medzinárodné štandardné číslo knihy (ISBN) 8096770314
Údaje o dostupnosti 21
040 ## - ZDROJ KATALOGIZÁCIE
Pôvodná katalogizujúca agentúra SNK
Jazyk katalogizácie slo
Prepisujúca agentúra SNK
Konvencie popisu AACR2
041 1# - KÓD JAZYKA
Kód jazyka textu/zvukovej stopy alebo samostatných nápisov slo
044 ## - KÓD KRAJINY VYDAVATEĽA/PRODUCENTA
Kód krajiny MARC xo
Kód krajiny ISO SK
080 ## - ČÍSLO MEDZINÁRODNÉHO DESATINNÉHO TRIEDENIA (MDT)
Číslo Medzinárodného desatinného triedenia (MDT) 943.767.2-22
080 ## - ČÍSLO MEDZINÁRODNÉHO DESATINNÉHO TRIEDENIA (MDT)
Číslo Medzinárodného desatinného triedenia (MDT) 371(437.672)(091)
100 1# - OSOBNÉ MENÁ – VŠEOBECNÉ INFORMÁCIE
Osobné meno Groško, Imrich
Kód roly aut
245 10 - NÁZOV
Názov Kurima a jej školy
Údaj o zodpovednosti atď. Imrich Groško
260 ## - VYDAVATEĽSKÉ ÚDAJE, DISTRIBÚCIA ATĎ.
Miesto publikovania, distribúcie atď. Michalovce
Názov vydavateľa, distibútora atď. L. Marton
Dátum publikovania, distribúcie atď. 2000
300 ## - FYZICKÝ POPIS
Rozsah 168 s.
Ďalšie fyzické detaily fotogr.
Rozmery 22 cm
500 ## - VŠEOBECNÁ POZNÁMKA
Formátovaná poznámka o obsahu Ilustr. na front.
500 ## - VŠEOBECNÁ POZNÁMKA
Formátovaná poznámka o obsahu Vyd. Imrich Groško, Košice
504 ## -
-- Bibliogr. s. 164-168
650 07 - PRIDANÝ VSTUP – PREDMET – TEMATICKÉ HESLO
Tematické heslo alebo geografický názov ako vstupný prvok školstvo
Geografický pododdiel Kurima (Slovensko)
Všeobecný pododdiel dejiny
Zdroj hesla alebo termínu SNK
651 07 - PRIDANÝ VSTUP – PREDMET – GEOGRAFICKÝ NÁZOV
Geografický názov Kurima (Slovensko)
Všeobecný pododdiel školstvo
-- dejiny
Zdroj hesla alebo termínu SNK
710 0# - PRIDANÝ VSTUP – KORPORATÍVNE MENO
Korporatívne meno alebo meno jurisdikcie ako vstupný prvok Ivan Groško Košice
Kód roly pbl
958 ## - Formálny deskriptor
Formálny deskriptor AJP
Holdings
Stav stiahnutia (Blokovanie) (Withrawn status) Stav straty Stav poškodenia (Damaged status) Nie pre výpožičky (Not for loan) Spôsob nadobudnutia (Collection code) Trvalé umiestnenie Aktuálne umiestnenie Dátum nadobudnutia Náklady, bežná kúpna cena Inventárne číslo (prírastkové číslo) Full call number Dátum posledného výskytu Cena s účinnosťou od Typ jednotky Koha
        Kúpa Mestská knižnica Giraltovce Mestská knižnica Giraltovce 2019-11-29 21.00 18 363 I 1562 2019-11-29 2019-11-29 Odborná literatúra pre dospelých

Powered by Koha